| 000 | 00388nam a22001577a 4500 | ||
|---|---|---|---|
| 005 | 20260609111400.0 | ||
| 020 | _a978-93-5532-983-7 | ||
| 041 | _aEnglish | ||
| 082 | _a001 R25 UPA | ||
| 100 | _aUpadhyay Meenakshi | ||
| 245 | _aExcel General Awareness for Competitive Examinations | ||
| 250 | _a1 | ||
| 260 |
_aNew Delhi _bMcGraw Hill Education _c2025 |
||
| 300 | _a152 | ||
| 942 | _cBK | ||
| 999 |
_c177674 _d177674 |
||